Langues berbères sur une carte - Statistiques

Statistiques générales
  • Ce quiz a été pris 19 fois
  • Le résultat moyen est 4 sur 22
Réponses sur la Carte
Les réponses sont colorées sur une échelle allant du rouge au vert en fonction du pourcentage des utilisateurs qui les ont devinées à leur premier essai. Vous pouvez retrouver ces pourcentages ci-dessous.
 
Statistiques - réponses
Langues % Correct
Kabyle
94%
Chaoui
59%
Chleuh
59%
Rifain
41%
Berbère du Moyen Atlas oriental
18%
Chenoui
18%
Mozabite
18%
Ghomari
12%
Siwi
12%
Tamahaq
12%
Tamasheq
12%
Tamazigh d'Awjila
12%
Tamazigh de Ghadamès
12%
Tamazight du Maroc central
12%
Tawellemmet
12%
Zenaga
12%
Nafusi
6%
Tasenhadji
6%
Tayirt
6%
Tagargrent
0%
Tamazight de Touggourt
0%
Zénète du Gourara
0%
Aucun quiz correspondant
Distribution des résultats
% des personnes avec chaque résultat
Percentile par nombre de réponses
Votre historique - résultats
Vous n’avez pas pris ce quiz